Quel club de football français joue dans ce stade ? #1 - Statistiques

Statistiques générales
  • Ce quiz a été pris 231 fois
  • Le résultat moyen est 16 sur 25
Statistiques - réponses
Hint Réponse % Correct
Olympique de Marseille Orange Vélodrome
88%
OGC Nice Allianz Riviera
86%
Olympique Lyonnais Groupama Stadium
86%
FC Nantes Stade de la Beaujoire
86%
Girondins de Bordeaux Matmut Atlantique
85%
AS Saint-Etienne Stade Geoffroy-Guichard
84%
LOSC Stade Pierre-Mauroy
84%
Montpellier Stade de la Mosson
82%
RC Strasbourg Stade de la Meinau
74%
FC Metz Stade Saint-Symphorien
73%
Toulouse FC Stadium municipal
72%
Stade Brestois Stade Francis-Le Blé
71%
Amiens SC Stade de la Licorne
68%
Paris FC Stade Charléty
64%
FC Lorient Stade du Moustoir
63%
SC Bastia Stade Armand-Cesari
62%
Stade de Reims Stade Auguste-Delaune
59%
ESTAC Stade de l'Aube
55%
Dijon Stade Gaston-Gérard
49%
AS Nancy-Lorraine Stade Marcel-Picot
48%
Tours FC Stade de la Vallée du Cher
44%
FC Martigues Stade Francis-Turcan
31%
Rodez Stade Paul-Lignon
30%
Le Mans FC Stade Marie-Marvingt
26%
FC Rouen, QRM Stade Robert-Diochon
24%
Aucun quiz correspondant
Distribution des résultats
% des personnes avec chaque résultat
Percentile par nombre de réponses
Votre historique - résultats
Vous n’avez pas pris ce quiz